| 000 | 00608nam a2200169 a 4500 | ||
|---|---|---|---|
| 001 | 000045411 | ||
| 005 | 20250204073952.0 | ||
| 008 | 150306s2013 dr 000 0 spa d | ||
| 040 |
_aDO-SdBNP _bspa _cBNPHU |
||
| 082 |
_axxxx _bxxxx |
||
| 245 | 0 | 0 |
_aJuan Pablo Duarte : _bescritos / _crecopilados por el Dr. Mariano Lebron Saviñon ; prólogo Pedro Troncoso Sánchez. |
| 250 | _a5a ed. | ||
| 260 |
_aSanto Domingo : _bInstituto Duartiano, _c2013. |
||
| 300 |
_a129 p. : _bil., retrs. ; _c21 cm. |
||
| 700 | 1 | 2 |
_aLebrón Saviñon, Mariano _d1922-2014 _erec. _97227 |
| 700 | 1 | 2 |
_aTroncoso Sánchez, Pdro, _epról. _973456 |
| 999 |
_c44900 _d44900 |
||